Jak si človíček nabral vodu /

Hlavní autor: Lamková, Hana, 1934-
Další autoři: Lamka, Josef, 1931-2009
Jazyk: Čeština
Vydáno: Praha : Panorama, 1990
Vydání: 1. vydání
Fyzický popis: 11 nečíslovaných stran : barevné ilustrace ; 16 x 24 cm
Knihy
Uloženo v:
LEADER 01051nam a22003252i 4500
001 001520561
003 CZ BrMZK
005 20160720133349.0
007 ta
008 160411s1990 xr a er|||||||||||cze d
015 |a cnb000060403 
020 |a 80-7038-178-7 
035 |a (OCoLC)39571559 
040 |a ABA001  |b cze  |d ABA001  |d BOA001  |e rda 
080 9 |a 08 
080 9 |a 084.1(02.053.2) 
100 1 |a Lamková, Hana,  |d 1934-  |7 jk01071444  |4 aut 
245 1 0 |a Jak si človíček nabral vodu /  |c napsala Hana Lamková ; ilustroval Josef Lamka 
250 |a 1. vydání 
264 1 |a Praha :  |b Panorama,  |c 1990 
300 |a 11 nečíslovaných stran :  |b barevné ilustrace ;  |c 16 x 24 cm 
336 |a text  |b txt  |2 rdacontent 
337 |a bez média  |b n  |2 rdamedia 
338 |a svazek  |b nc  |2 rdacarrier 
500 |a 34000 výtisků 
700 1 |a Lamka, Josef,  |d 1931-2009  |7 jk01071443  |4 ill 
910 |a BOA001  |b M2-0958.324 
990 |a BK 
991 |b 201604 
996 6 |b 2619148186  |c M2-0958.324  |l MZK  |r Sklad / do 24 hodin  |n 0  |w 001555781  |u 000010  |a 1  |e BOA001  |j MZK50  |s P